| 000 | 00899nam a22002771i 4500 | ||
|---|---|---|---|
| 001 | 105438 | ||
| 003 | ES-MaACL | ||
| 007 | t| | ||
| 008 | 060712s1974 fr ||||0| fre d | ||
| 016 | 7 | _zIND9200404373 | |
| 040 |
_aM-BN _bspa _cA2 |
||
| 080 | _a323.17:141.82 | ||
| 080 | _a141.82:323.17 | ||
| 100 | 1 |
_aHaupt, Georges. _962095 |
|
| 245 | 1 | 4 |
_aLes marxistes et la question nationale 1848-1914 _b: études et textes / _cGeorges Haupt, Michael Lowy, Claudie Weill. |
| 260 |
_aParís : _bFrançois Maspero, _c1974. |
||
| 300 |
_a391 p ; _c22 cm. |
||
| 490 | 1 |
_aBibliothèque socialiste ; _v27 |
|
| 500 | _aBiblioteca Juan Andrade. | ||
| 650 | 1 | 4 |
_aNacionalismo- _xConcepto marxista. _915445 |
| 700 | 1 |
_aLowy, Michael. _974396 |
|
| 700 | 1 |
_aWeill, Claudie. _9116340 |
|
| 830 | 0 |
_aBibliothèque socialiste ; _v27 _9185029 |
|
| 852 |
_aES-MaACL _jAND-233 _bR.109553 |
||
| 999 |
_c105438 _d105438 |
||